Normal view
MARC view
- Ashfāq Aḥmad,
Entry Personal Name
001 - CONTROL NUMBER
- control field: 639
003 - CONTROL NUMBER IDENTIFIER
- control field: NUST
005 - DATE AND TIME OF LATEST TRANSACTION
- control field: 20170512153830.0
008 - FIXED-LENGTH DATA ELEMENTS
- fixed length control field: 170512|| aca||aabn | a|a d
040 ## - CATALOGING SOURCE
- Original cataloging agency: NUST
- Transcribing agency: NUST
100 ## - HEADING--PERSONAL NAME
- Personal name: Ashfāq Aḥmad,
- Dates associated with a name: 1925-2004.
670 ## - SOURCE DATA FOUND
- Source citation: Work cat.: (NUST)0: Ashfāq Aḥmad, 1925-2004., Band galī :, 1995.
